Mader-e-millat motarma fatima jinnah key zindgey kay waqiaat.1893-1967 (Record no. 582714)

000 -LEADER
fixed length control field 00486nam a22001697a 4500
003 - CONTROL NUMBER IDENTIFIER
control field CEME
005 - DATE AND TIME OF LATEST TRANSACTION
control field 20210628205919.0
008 - FIXED-LENGTH DATA ELEMENTS--GENERAL INFORMATION
fixed length control field 210204b xxu||||| |||| 00| 0 eng d
040 ## - CATALOGING SOURCE
Transcribing agency .
082 ## - DEWEY DECIMAL CLASSIFICATION NUMBER
Classification number 923.15491 MAD
100 ## - MAIN ENTRY--PERSONAL NAME
Personal name Riaz Ahmed(Comp)
9 (RLIN) 77448
245 ## - TITLE STATEMENT
Title Mader-e-millat motarma fatima jinnah key zindgey kay waqiaat.1893-1967
260 ## - PUBLICATION, DISTRIBUTION, ETC.
Place of publication, distribution, etc. ISLAMABAD
Name of publisher, distributor, etc. NATIONAL ARCHIVES OF PAKISTAN
Date of publication, distribution, etc. 2004
300 ## - PHYSICAL DESCRIPTION
Extent 137P
650 ## - SUBJECT ADDED ENTRY--TOPICAL TERM
Topical term or geographic name entry element BIOGRAPHY-FATIMA JINNAH
9 (RLIN) 76878
942 ## - ADDED ENTRY ELEMENTS (KOHA)
Koha item type Book
Source of classification or shelving scheme
Holdings
Withdrawn status Lost status Damaged status Not for loan Permanent Location Current Location Shelving location Date acquired Total Checkouts Full call number Barcode Date last seen Price effective from Koha item type
        College of Electrical & Mechanical Engineering (CEME) College of Electrical & Mechanical Engineering (CEME) General Stacks 02/24/2017   923.15491 MAD CEME-39908 06/28/2021 06/28/2021 Book
© 2023 Central Library, National University of Sciences and Technology. All Rights Reserved.